000 01108nam a22003377a 4500
003 CHAP
005 20220329133832.0
008 971013s1973 r 00010 d
010 _a11575
011 _a12547
035 _a15733
040 _cCHAP
090 _aTesis
100 0 0 _aMontijo Grijalva, René Leslie.
_977964
245 _aUsos agrícolas del gas LP en el Valle de Mexicali, B. C.
260 _aCd. Juárez, Chih. :
_bEl autor,
_c1973
300 _a73 p.
_b: ilus.
502 _aTesis (Agrónomo) -- Escuela Superior de Agricultura Hermanos Escobar
590 _aALEPH
_b10
_c20130110
_lUCH01
_h1229
590 _aBATCH-UPD
_b10
_c20130110
_lUCH01
_h0308
590 _aBATCH-UPD
_b10
_c20130110
_lUCH01
_h1612
590 _aBATCH-UPD
_b10
_c20130409
_lUCH01
_h2339
590 _aBATCH-UPD
_b10
_c20130914
_lUCH01
_h1312
590 _aCONVERSION
_b10
_c20130109
_lUCH01
_h1308
650 1 4 _aAgricultura
_xBaja California.
_91316
650 1 4 _aEnergía y agricultura.
_936915
650 1 4 _aGas natural.
_947201
901 _aBK
942 _cTESIS
949 _bBC
_cTES
_d-27942
_eTS1
_h19524
_i15733
_si
999 _c11575
_d11575